كتاب شرح ادب القاضى للخصاف / (رقم التسجيلة. 178714)

تفاصيل مارك
000 -LEADER
fixed length control field 01714namaa22003731i 4500
003 - CONTROL NUMBER IDENTIFIER
control field EG-GICUC
005 - DATE AND TIME OF LATEST TRANSACTION
control field 20260225104516.0
008 - FIXED-LENGTH DATA ELEMENTS--GENERAL INFORMATION
fixed length control field 260225m19771978iq ||||jr|||| 000 0 ara d
017 ## - COPYRIGHT OR LEGAL DEPOSIT NUMBER
Copyright or legal deposit number 1977-8-31
Assigning agency المكتبة الوطنية (العراق)
040 ## - CATALOGING SOURCE
Original cataloging agency EG-GiCUC
Language of cataloging ara
Transcribing agency EG-GiCUC
Modifying agency EG-GiCUC
Description conventions rda
082 04 - DEWEY DECIMAL CLASSIFICATION NUMBER
Edition number 21
Classification number 257.5
Item number S1268
092 04 - LOCALLY ASSIGNED DEWEY CALL NUMBER (OCLC)
Edition number 21
Classification number 257.5
Item number S1268
099 ## - LOCAL FREE-TEXT CALL NUMBER (OCLC)
Classification number 257.5 S1268
100 1# - MAIN ENTRY--PERSONAL NAME
Personal name صدر الشهيد، عمر بن عبد العزيز
Dates associated with a name 1090 او 1091-1141
Relator term مؤلف.
245 1# - TITLE STATEMENT
Title كتاب شرح ادب القاضى للخصاف /
Statement of responsibility, etc. تأليف برهان الأئمة حسام الدين عمر بن عبد العزيز بن مازة البخارى المعروف بالصدر الشهيد ؛ تحقيق محيى هلال السرحان
250 ## - EDITION STATEMENT
Edition statement الطبعة الاولى
264 ## - PRODUCTION, PUBLICATION, DISTRIBUTION, MANUFACTURE, AND COPYRIGHT NOTICE
Place of production, publication, distribution, manufacture بغداد (العراق) :
Name of producer, publisher, distributor, manufacturer الناشر غير محدد،
Date of production, publication, distribution, manufacture, or copyright notice 1977-1978
264 3# - PRODUCTION, PUBLICATION, DISTRIBUTION, MANUFACTURE, AND COPYRIGHT NOTICE
Place of production, publication, distribution, manufacture بغداد (العراق) :
Name of producer, publisher, distributor, manufacturer مطبعة بغداد،
Date of production, publication, distribution, manufacture, or copyright notice 1977-1978
300 ## - PHYSICAL DESCRIPTION
Extent ؛ 4 مجلدات
Dimensions 24 سم
336 ## - CONTENT TYPE
Source rdacontent
Content type term text
337 ## - MEDIA TYPE
Source rdamedia
Media type term Unmediated
338 ## - CARRIER TYPE
Source rdacarrier
Carrier type term volume
490 ## - SERIES STATEMENT
Series statement إحياء التراث الاسلامى ؛
Volume/sequential designation 28
504 ## - BIBLIOGRAPHY, ETC. NOTE
Bibliography, etc. note يشتمل على ارجاعات ببليوجرافية
541 ## - IMMEDIATE SOURCE OF ACQUISITION NOTE
Source of acquisition د. جابر عصفور ؛
Address القاهرة ؛
Method of acquisition إهداء ؛
Date of acquisition 2024.
600 ## - SUBJECT ADDED ENTRY--PERSONAL NAME
Personal name الخصاف، أحمد بن عمر،
Dates associated with a name 874 أو 875.
Title of a work أدب القاضى
650 17 - SUBJECT ADDED ENTRY--TOPICAL TERM
Topical term or geographic name entry element القضاء فى الاسلام
Source of heading or term qrmak
650 17 - SUBJECT ADDED ENTRY--TOPICAL TERM
Topical term or geographic name entry element الفقه الاسلامى
Source of heading or term qrmak
650 17 - SUBJECT ADDED ENTRY--TOPICAL TERM
Topical term or geographic name entry element الفقه الحنفى
Source of heading or term qrmak
651 1# - SUBJECT ADDED ENTRY--GEOGRAPHIC NAME
Source of heading or term qrmak
700 1# - ADDED ENTRY--PERSONAL NAME
Personal name السرحان، محيى هلال
Relator term محقق.
905 ## - Cataloger and Reviser Names
Cataloger Name Huda
942 ## - ADDED ENTRY ELEMENTS (KOHA)
Source of classification or shelving scheme Dewey Decimal Classification
Koha item type Books
Edition 21
Suppress in OPAC No
المقتنيات
Withdrawn status Lost status Source of classification or shelving scheme Damaged status Not for loan Home library Current library Date acquired Inventory number Total checkouts Full call number Barcode Date last seen Price effective from Koha item type
    Dewey Decimal Classification   Not for loan المكتبة المركزبة الجديدة - جامعة القاهرة قاعة المكتبات المهداة - الدور الرابع 25.02.2026 175160   257.5 S1268 v.1 J.U. 01000100175160001 25.02.2026 25.02.2026 Books
    Dewey Decimal Classification   Not for loan المكتبة المركزبة الجديدة - جامعة القاهرة قاعة المكتبات المهداة - الدور الرابع 25.02.2026 175160   257.5 S1268 v.2 J.U. 01000100175160002 25.02.2026 25.02.2026 Books
    Dewey Decimal Classification   Not for loan المكتبة المركزبة الجديدة - جامعة القاهرة قاعة المكتبات المهداة - الدور الرابع 25.02.2026 175160   257.5 S1268 v.3 J.U. 01000100175160003 25.02.2026 25.02.2026 Books
    Dewey Decimal Classification   Not for loan المكتبة المركزبة الجديدة - جامعة القاهرة قاعة المكتبات المهداة - الدور الرابع 25.02.2026 175160   257.5 S1268 v.4 J.U. 01000100175160004 25.02.2026 25.02.2026 Books
Cairo University Libraries Portal Implemented & Customized by: Eng. M. Mohamady Contacts: new-lib@cl.cu.edu.eg | cnul@cl.cu.edu.eg
CUCL logo CNUL logo
© All rights reserved — Cairo University Libraries
CUCL logo
Implemented & Customized by: Eng. M. Mohamady Contact: new-lib@cl.cu.edu.eg © All rights reserved — New Central Library
CNUL logo
Implemented & Customized by: Eng. M. Mohamady Contact: cnul@cl.cu.edu.eg © All rights reserved — Cairo National University Library